Football/Soccer Leagues by Average Attendance - Statistics

General Stats
  • This quiz has been taken 27 times
  • The average score is 27 of 50
Answer Stats
Country League % Correct
Germany Bundesliga
100%
Spain La Liga
100%
England Premier League
100%
Italy Serie A
100%
Brazil Série A
100%
France Ligue 1
96%
United StatesCanada Major League Soccer
91%
Russia Russian Premier League
91%
Israel Israeli Premier League
87%
EnglandWales EFL Championship
83%
AustraliaNew Zealand A-League Men
78%
Turkey Süper Lig
78%
China China League One
74%
England EFL League One
74%
Japan J1 League
74%
Germany 2. Bundesliga
70%
France Ligue 2
70%
China Chinese Super League
65%
EnglandWales EFL League Two
65%
Netherlands Eredivisie
65%
Italy Serie B
65%
India Indian Super League
61%
Spain La Liga 2
61%
Malaysia Malaysia Super League
61%
Scotland Scottish Premiership
61%
Switzerland Swiss Super League
61%
Uzbekistan Uzbek Super League
61%
Saudi Arabia Saudi Pro League
57%
Belgium Belgian Pro League
48%
South Korea K League 1
48%
Greece Superleague Greece
48%
Iran Persian Gulf Pro League
39%
Germany 3. Liga
35%
Mexico Liga MX
30%
India I-League
26%
Japan J2 League
26%
Portugal Primeira Liga
26%
Argentina Primera División
26%
Chile Primera División
26%
Bolivia Primera División
26%
Sweden Allsvenskan
22%
Denmark Danish Superliga
22%
Poland Ekstraklasa
22%
Norway Eliteserien
13%
Indonesia Liga 1
13%
Vietnam V.League 1
13%
Morocco Botola
4%
Colombia Categoría Primera A
4%
United States National Women's Soccer League
4%
South Africa Premier Soccer League
4%
No matching quizzes found
Score Distribution
Percent of People with Each Score
Percentile by Number Answered
Your Score History
You have not taken this quiz